Normal view
MARC view
Entry Nombre personal
001 - NÚMERO DE CONTROL
- campo de control: 37239
003 - IDENTIFICADOR DEL NÚMERO DE CONTROL
- campo de control: BNPHU
005 - FECHA Y HORA DE LA ÚLTIMA TRANSACCIÓN
- campo de control: 20240613132514.0
008 - DATOS DE LONGITUD FIJA
- campo de control de longitud fija: 200615|| aca||aabn | a|a d
040 ## - FUENTE DE LA CATALOGACIÓN
- Centro catalogador/agencia de origen: DO-SdBNP
- Lengua de catalogación: spa
- Centro/agencia transcriptor: BNPHU
100 1# - ENCABEZAMIENTO-NOMBRE DE PERSONA
- Nombre de persona: García-Godoy, Federico,
- Fechas asociadas al nombre: 1920-
370 ## - LUGAR ASOCIADO
- Lugar de nacimiento: La Vega, República Dominicana
372 ## - CAMPO DE ACTIVIDAD
- Campo de actividad: Odontología
- Campo de actividad: Profesor universitario
- Campo de actividad: Director Ejecutivo del Centro de Odontología Pediátrica , Santo Domingo, R.D.
- Campo de actividad: Miembro de Mérito de la Sociedad Cubana de Odontología Infantil (1959)
- Campo de actividad: Miembro de Honor de la Sociedad Dominicana de Pediatría, (1963)
- Campo de actividad: Honra Ao Mérito ¨Medalla Abelardo de Brito¨, III Congreso Internacional de Odontología, Rio de Janeiro, Brasil (1977)
374 ## - OCUPACIÓN
- Ocupación: Odontólogo
- Ocupación: Profesor universitario
375 ## - GÉNERO/SEXO
- Género/Sexo: Masculino
377 ## - LENGUA/LENGUAJE ASOCIADO
- Código del idioma: spa
400 1# - TRAZADO DE VÉASE--NOMBRE DE PERSONA
- Nombre de persona: Godoy, F. García-
- Forma completa/desarrollada del nombre: (Federico García-),
- Fechas asociadas al nombre: 1920-
400 1# - TRAZADO DE VÉASE--NOMBRE DE PERSONA
- Nombre de persona: García-Godoy, Federico,
- Fechas asociadas al nombre: 1920-
670 ## - FUENTE DE DATOS ENCONTRADOS
- Cita de la fuente: Work cat.: (OSt)16339: García Godoy, F., 1920-, La problemática universitaria latinoamericana y la Universidad Autónoma de Santo Domingo /, 1975.
670 ## - FUENTE DE DATOS ENCONTRADOS
- Cita de la fuente: Del marxismo al oportunismo, c1981:
- Información encontrada: t.p. (F. García-Godoy) p. 11 (odontólogo) p. 4 of cover (Federico García-Godoy, nac.. 8-27-20, La Vega, Rep. Dom. )
